[Event "44th Chess Olympiad Women 2022"]
[Site "Chennai"]
[Date "2022.08.03"]
[Round "6.18"]
[White "Heinatz, Gundula"]
[Black "Montiel Caceres, Helen"]
[Result "0-1"]
[WhiteElo "2196"]
[BlackElo "1763"]
[Annotator "TA"]
[PlyCount "80"]
[EventDate "2022.07.29"]
[EventType "team-tourn"]
[EventCountry "IND"]
[SourceTitle "playchess.com"]
[Source "ChessBase"]
[SourceQuality "1"]
[WhiteTeam "Switzerland"]
[BlackTeam "Paraguay"]
[WhiteTeamCountry "SUI"]
[BlackTeamCountry "PAR"]

1. d4 Nf6 2. Bf4 e6 3. Nd2 d5 4. Ngf3 Bd6 5. Bg5 h6 6. Bxf6 gxf6 7. e4 c6 8. Bd3 b6 9. Qe2 Bb7 10. a4 Nd7 11. exd5 cxd5 12. O-O Kf8 13. c4 f5 14. a5 Nf6 15. Rfc1 Bf4 16. c5 bxc5 17. Rxc5 Ne4 18. Rc2 Qf6 19. Nf1 a6 20. g3 Rg8 21. Kh1 Bd6 22. Ne5 Bxe5 23. dxe5 Qxe5 24. f3 f4 25. g4 h5 26. Re1 hxg4 27. fxe4 g3 28. Qf3 f5 29. exf5 Qxe1 30. fxe6 g2+ 31. Rxg2 Rxg2 32. Kxg2 Qb4 33. Ng3 Qxb2+ 34. Ne2 Ke7 35. Qg4 Rf8 36. Qg5+ Rf6 37. Qg7+ Kxe6 38. Qg5 f3+ 39. Kh3 fxe2 40. Qg4+ Kd6 0-1

[Event "44th Chess Olympiad Women 2022"]
[Site "Chennai"]
[Date "2022.08.03"]
[Round "6.18"]
[White "Perez, Dalila"]
[Black "Hakimifard, Ghazal"]
[Result "0-1"]
[WhiteElo "1799"]
[BlackElo "2296"]
[Annotator "TA"]
[PlyCount "82"]
[EventDate "2022.07.29"]
[EventType "team-tourn"]
[EventCountry "IND"]
[SourceTitle "playchess.com"]
[Source "ChessBase"]
[SourceQuality "1"]
[WhiteTeam "Paraguay"]
[BlackTeam "Switzerland"]
[WhiteTeamCountry "PAR"]
[BlackTeamCountry "SUI"]

1. d4 Nf6 2. Nf3 e6 3. c4 b6 4. g3 Ba6 5. b3 d5 6. cxd5 exd5 7. Bg2 Bd6 8. O-O O-O 9. Nc3 Nbd7 10. Bg5 h6 11. Bxf6 Nxf6 12. Ne5 Bb7 13. Rc1 Qe8 14. Nf3 Rd8 15. Qd3 a6 16. Nh4 g6 17. Rfe1 Ne4 18. Nf3 Bb4 19. Ne5 c5 20. Ng4 f5 21. Ne3 Kh7 22. Red1 cxd4 23. Nxe4 dxe4 24. Rc7+ Rf7 25. Rxf7+ Qxf7 26. Qc4 Qxc4 27. Nxc4 b5 28. Nd2 d3 29. e3 Rc8 30. Nb1 a5 31. a3 Bf8 32. Bf1 Rc2 33. h4 Bd5 34. a4 bxa4 35. bxa4 Bb4 36. Bh3 Ba2 37. g4 Rb2 38. gxf5 Rxb1 39. fxg6+ Kxg6 40. Bg4 Rxd1+ 41. Bxd1 Bb1 0-1

[Event "44th Chess Olympiad Women 2022"]
[Site "Chennai"]
[Date "2022.08.03"]
[Round "6.19"]
[White "Olde, Margareth"]
[Black "Vanduyfhuys, Daria"]
[Result "1-0"]
[WhiteElo "2235"]
[BlackElo "2094"]
[Annotator "TA"]
[PlyCount "147"]
[EventDate "2022.07.29"]
[EventType "team-tourn"]
[EventCountry "IND"]
[SourceTitle "playchess.com"]
[Source "ChessBase"]
[SourceQuality "1"]
[WhiteTeam "Estonia"]
[BlackTeam "Belgium"]
[WhiteTeamCountry "EST"]
[BlackTeamCountry "BEL"]

1. d4 Nf6 2. Nf3 e6 3. c4 d5 4. g3 dxc4 5. Bg2 Nc6 6. Qa4 Bb4+ 7. Bd2 Nd5 8. Bxb4 Ndxb4 9. O-O Rb8 10. Nc3 a6 11. Ne5 O-O 12. Nxc6 Nxc6 13. Bxc6 bxc6 14. Qxc4 Rxb2 15. Rfb1 Rb6 16. Qc5 Re8 17. a4 e5 18. dxe5 f6 19. Rd1 Bd7 20. Qd4 Re7 21. e6 c5 22. Qc4 Rbxe6 23. Ne4 Kh8 24. Nxc5 Rc6 25. Qb4 Rb6 26. Qa3 h6 27. a5 Rd6 28. Rxd6 cxd6 29. Nxd7 Qxd7 30. e3 Re5 31. Rd1 Qf5 32. Qxd6 Rxa5 33. e4 Qb5 34. Rc1 Kh7 35. Qc6 Qb4 36. Qc4 Qb7 37. Qc6 Qb8 38. Qc7 Qb5 39. Qc2 Qe5 40. Qc3 Qb5 41. Qc2 Qe5 42. f4 Qd4+ 43. Kg2 Qa4 44. Qd3 Qb5 45. Qxb5 Rxb5 46. Rc6 a5 47. Ra6 Rb2+ 48. Kf3 Rb3+ 49. Kg4 Rb5 50. f5 Re5 51. Kf4 h5 52. h3 Rb5 53. g4 hxg4 54. hxg4 g5+ 55. Ke3 Kg7 56. Ra7+ Kf8 57. Kd4 Re5 58. Rc7 Ke8 59. Rg7 Kf8 60. Rxg5 a4 61. Rg6 Ra5 62. Rxf6+ Kg7 63. Rg6+ Kf7 64. Rb6 a3 65. Rb7+ Kf6 66. e5+ Kg5 67. Rb1 a2 68. Ra1 Kxg4 69. f6 Kf5 70. f7 Ra8 71. Rxa2 Rd8+ 72. Kc5 Kxe5 73. Re2+ Kf6 74. Re8 1-0

[Event "44th Chess Olympiad Women 2022"]
[Site "Chennai"]
[Date "2022.08.03"]
[Round "6.19"]
[White "De Rycke, Tyani"]
[Black "Sinitsina, Anastassia"]
[Result "1-0"]
[WhiteElo "1994"]
[BlackElo "2175"]
[Annotator "TA"]
[PlyCount "97"]
[EventDate "2022.07.29"]
[EventType "team-tourn"]
[EventCountry "IND"]
[SourceTitle "playchess.com"]
[Source "ChessBase"]
[SourceQuality "1"]
[WhiteTeam "Belgium"]
[BlackTeam "Estonia"]
[WhiteTeamCountry "BEL"]
[BlackTeamCountry "EST"]

1. e4 e5 2. Nf3 Nc6 3. Bc4 Bc5 4. d3 Nf6 5. Be3 Bxe3 6. fxe3 d5 7. exd5 Nxd5 8. Qd2 O-O 9. O-O Be6 10. Nc3 h6 11. Rf2 Qd6 12. Raf1 Nxc3 13. Qxc3 Rae8 14. Nh4 Bxc4 15. Qxc4 Qe6 16. Qe4 Qxa2 17. b3 Qa3 18. Qg4 Qb4 19. c4 Qe7 20. Rf6 Kh7 21. Qf5+ Kg8 22. Qh5 Kh7 23. g4 Nd8 24. g5 Ne6 25. Nf5 Qd7 26. Nxh6 g6 27. Qh4 Kg7 28. Nxf7 Rxf7 29. Rxf7+ Qxf7 30. Rxf7+ Kxf7 31. Qf2+ Kg8 32. Qf6 Nf8 33. h4 Re6 34. Qd8 Rb6 35. Qd5+ Kg7 36. Qxe5+ Kg8 37. c5 Rb4 38. d4 c6 39. d5 Rxb3 40. d6 a5 41. Qe4 Rb4 42. Qe7 Rb1+ 43. Kf2 Rd1 44. Qxb7 a4 45. Qb4 Rd5 46. e4 Re5 47. Qxa4 Rxc5 48. Qa2+ Kg7 49. Qa7+ 1-0

[Event "44th Chess Olympiad Women 2022"]
[Site "Chennai"]
[Date "2022.08.03"]
[Round "6.20"]
[White "Yip, Carissa"]
[Black "Rovira Contreras, Tairu Manuela"]
[Result "1-0"]
[WhiteElo "2416"]
[BlackElo "2036"]
[Annotator "TA"]
[PlyCount "55"]
[EventDate "2022.07.29"]
[EventType "team-tourn"]
[EventCountry "IND"]
[SourceTitle "playchess.com"]
[Source "ChessBase"]
[SourceQuality "1"]
[WhiteTeam "United States"]
[BlackTeam "Venezuela"]
[WhiteTeamCountry "USA"]
[BlackTeamCountry "VEN"]

1. e4 e5 2. d4 exd4 3. Qxd4 Nc6 4. Qc4 Nf6 5. Nc3 Bb4 6. Bd2 O-O 7. O-O-O Re8 8. f3 a6 9. g4 b5 10. Qe2 Bb7 11. Qf2 Ne5 12. g5 Bxc3 13. Bxc3 Nxe4 14. fxe4 Bxe4 15. Bxe5 Bxh1 16. Qg3 d6 17. Bc3 Be4 18. Ne2 Qc8 19. Nf4 Bg6 20. h4 Rb8 21. Bh3 Qb7 22. h5 Be4 23. g6 f6 24. Be6+ Rxe6 25. Nxe6 h6 26. Qf4 c5 27. Qxd6 Re8 28. Nxc5 1-0

[Event "44th Chess Olympiad Women 2022"]
[Site "Chennai"]
[Date "2022.08.03"]
[Round "6.20"]
[White "Tokhirjonova, Gulrukhbegim"]
[Black "Varela La Madrid, Tilsia Carolina"]
[Result "1-0"]
[WhiteElo "2329"]
[BlackElo "2079"]
[Annotator "TA"]
[PlyCount "99"]
[EventDate "2022.07.29"]
[EventType "team-tourn"]
[EventCountry "IND"]
[SourceTitle "playchess.com"]
[Source "ChessBase"]
[SourceQuality "1"]
[WhiteTeam "United States"]
[BlackTeam "Venezuela"]
[WhiteTeamCountry "USA"]
[BlackTeamCountry "VEN"]

1. e4 e5 2. d4 exd4 3. Qxd4 Nc6 4. Qc4 Nf6 5. Nc3 Bb4 6. Bd2 d6 7. O-O-O Be6 8. Qe2 Qe7 9. a3 Ba5 10. f3 O-O-O 11. g4 Kb8 12. Nh3 h5 13. g5 Nd7 14. b4 Nd4 15. Qf2 Bb6 16. Be3 c5 17. Nf4 Nc6 18. b5 Na5 19. Ncd5 Qe8 20. Bd2 Ne5 21. Bc3 Nac4 22. a4 Ba5 23. Bxa5 Nxa5 24. Qe1 Nac4 25. Qc3 Nb6 26. Nxb6 axb6 27. Nd5 Bxd5 28. Rxd5 Qe7 29. Rg1 f6 30. h4 Rhf8 31. Be2 Ng6 32. gxf6 Rxf6 33. Bd1 Nf4 34. Rf5 Rdf8 35. Rxf6 Rxf6 36. a5 Kc7 37. Rg5 g6 38. e5 Rf5 39. Rxf5 gxf5 40. exd6+ Qxd6 41. Qg7+ Kb8 42. axb6 Qxb6 43. Qf8+ Ka7 44. Qxf5 Qd6 45. c3 Kb6 46. Bc2 Kxb5 47. Be4 b6 48. Kc2 Qc7 49. Qf8 c4 50. Qb4+ 1-0

[Event "44th Chess Olympiad Women 2022"]
[Site "Chennai"]
[Date "2022.08.03"]
[Round "6.20"]
[White "Perez Hernandez, Vicmary C."]
[Black "Zatonskih, Anna"]
[Result "0-1"]
[WhiteElo "1862"]
[BlackElo "2383"]
[Annotator "TA"]
[PlyCount "60"]
[EventDate "2022.07.29"]
[EventType "team-tourn"]
[EventCountry "IND"]
[SourceTitle "playchess.com"]
[Source "ChessBase"]
[SourceQuality "1"]
[WhiteTeam "Venezuela"]
[BlackTeam "United States"]
[WhiteTeamCountry "VEN"]
[BlackTeamCountry "USA"]

1. e4 e6 2. d4 d5 3. e5 c5 4. c3 Nc6 5. Nf3 Bd7 6. a3 c4 7. Nbd2 Na5 8. Rb1 Ne7 9. b3 cxb3 10. c4 Ba4 11. Bb2 dxc4 12. Nxc4 Nd5 13. Qd2 Nxc4 14. Bxc4 Rc8 15. Rc1 Be7 16. O-O O-O 17. Bd3 Qd7 18. Rxc8 Rxc8 19. Rc1 Rxc1+ 20. Qxc1 Bb5 21. Qd1 Bxd3 22. Qxd3 Qa4 23. Qd1 Qc4 24. Nd2 Qd3 25. Qc1 h6 26. Nf3 b5 27. Qd2 Qb1+ 28. Qc1 Qxc1+ 29. Bxc1 Nc3 30. Kf1 Na4 0-1

[Event "44th Chess Olympiad Women 2022"]
[Site "Chennai"]
[Date "2022.08.03"]
[Round "6.21"]
[White "Zimina, Olga"]
[Black "Chaves, Jussara"]
[Result "1-0"]
[WhiteElo "2340"]
[BlackElo "1933"]
[Annotator "TA"]
[PlyCount "73"]
[EventDate "2022.07.29"]
[EventType "team-tourn"]
[EventCountry "IND"]
[SourceTitle "playchess.com"]
[Source "ChessBase"]
[SourceQuality "1"]
[WhiteTeam "Italy"]
[BlackTeam "Portugal"]
[WhiteTeamCountry "ITA"]
[BlackTeamCountry "POR"]

1. d4 c6 2. Nf3 g6 3. c4 d5 4. e3 Bg7 5. Nbd2 Nf6 6. Be2 O-O 7. O-O Nbd7 8. b4 a5 9. b5 cxb5 10. cxb5 a4 11. Ba3 Nb6 12. Ne5 Ne8 13. Rc1 Nd6 14. Bc5 f6 15. Nd3 Bd7 16. Nf4 Ndc8 17. Nb1 g5 18. Nh5 Nc4 19. Nc3 N8b6 20. Nxd5 Nxd5 21. Bxc4 Be6 22. e4 Nf4 23. Nxf4 Bxc4 24. Rxc4 gxf4 25. Qg4 Kf7 26. b6 Re8 27. Qxf4 Qd7 28. Rfc1 Rad8 29. Qf3 Kg8 30. h4 Kh8 31. Qf4 Rg8 32. d5 Bf8 33. Be3 Rg4 34. Rc7 Rxf4 35. Rxd7 Rxd7 36. Bxf4 Rd8 37. Rc7 1-0

[Event "44th Chess Olympiad Women 2022"]
[Site "Chennai"]
[Date "2022.08.03"]
[Round "6.21"]
[White "Pipiras, Filipa Fortuna"]
[Black "Brunello, Marina"]
[Result "1/2-1/2"]
[WhiteElo "2139"]
[BlackElo "2341"]
[Annotator "TA"]
[PlyCount "140"]
[EventDate "2022.07.29"]
[EventType "team-tourn"]
[EventCountry "IND"]
[SourceTitle "playchess.com"]
[Source "ChessBase"]
[SourceQuality "1"]
[WhiteTeam "Portugal"]
[BlackTeam "Italy"]
[WhiteTeamCountry "POR"]
[BlackTeamCountry "ITA"]

1. d4 Nf6 2. c4 c5 3. d5 e6 4. Nc3 exd5 5. cxd5 d6 6. Nf3 g6 7. Nd2 Bg7 8. e4 O-O 9. Be2 Na6 10. O-O Nc7 11. a4 Qe7 12. f4 Rb8 13. Re1 Na6 14. Bf3 Nb4 15. Nc4 a6 16. e5 Ne8 17. Ne4 dxe5 18. fxe5 b5 19. axb5 axb5 20. Bg5 Qd7 21. Ncd6 Bxe5 22. Nxe8 Rxe8 23. Bf6 Qf5 24. Bxe5 Rxe5 25. Bg4 Rxd5 26. Bxf5 Rxd1 27. Raxd1 Bxf5 28. Nxc5 Rc8 29. Ne4 Rc2 30. Nc3 Rxb2 31. Nxb5 Nd3 32. Re8+ Kg7 33. Nd6 Nf4 34. Nxf5+ gxf5 35. Kh1 Rxg2 36. Rf1 Rg4 37. Re3 Ng2 38. Rg3 Rxg3 39. hxg3 Ne3 40. Rf3 Ng4 41. Rxf5 h6 42. Rf4 Nf6 43. Kg2 Nh7 44. Ra4 Ng5 45. Ra6 Kh7 46. Kf2 Kg7 47. Ke3 Ne6 48. Ra8 Ng5 49. Kf4 Ne6+ 50. Kg4 Kg6 51. Kh4 Kg7 52. Kh5 Kh7 53. Ra7 Kg7 54. Ra6 Kh7 55. Kg4 Kg6 56. Ra8 Kg7 57. Kf5 Nc7 58. Ra7 Ne6 59. Rd7 Ng5 60. Rd6 Ne6 61. Kg4 Kg6 62. Kh4 Kg7 63. Kh5 Kh7 64. Rd1 Kg7 65. Rf1 Ng5 66. g4 Ne6 67. Rf5 Ng5 68. Ra5 Ne6 69. Rf5 Ng5 70. Ra5 Ne6 1/2-1/2

[Event "44th Chess Olympiad Women 2022"]
[Site "Chennai"]
[Date "2022.08.03"]
[Round "6.21"]
[White "Silva, Mariana Sofia T."]
[Black "Gueci, Tea"]
[Result "0-1"]
[WhiteElo "1912"]
[BlackElo "2254"]
[Annotator "TA"]
[PlyCount "62"]
[EventDate "2022.07.29"]
[EventType "team-tourn"]
[EventCountry "IND"]
[SourceTitle "playchess.com"]
[Source "ChessBase"]
[SourceQuality "1"]
[WhiteTeam "Portugal"]
[BlackTeam "Italy"]
[WhiteTeamCountry "POR"]
[BlackTeamCountry "ITA"]

1. d4 Nf6 2. c4 e6 3. g3 c5 4. d5 exd5 5. cxd5 d6 6. Bg2 g6 7. Nc3 Bg7 8. Nf3 O-O 9. O-O Nbd7 10. Bf4 Qe7 11. Re1 a6 12. a4 Ng4 13. e4 Nge5 14. Qe2 Rb8 15. Nd2 Re8 16. h3 b6 17. Be3 g5 18. Nf1 c4 19. Red1 Nd3 20. Qd2 h6 21. h4 gxh4 22. Bxh6 h3 23. Bh1 N7e5 24. Bg5 f6 25. Bh6 Bxh6 26. Qxh6 Nxf2 27. Rd2 Nfg4 28. Qxh3 b5 29. Qh5 Kg7 30. Qh3 Qa7+ 31. Kg2 Ne3+ 0-1

[Event "44th Chess Olympiad Women 2022"]
[Site "Chennai"]
[Date "2022.08.03"]
[Round "6.22"]
[White "Aulia, Medina Warda"]
[Black "Johannsdottir, Johanna Bjorg"]
[Result "1-0"]
[WhiteElo "2374"]
[BlackElo "1976"]
[Annotator "TA"]
[PlyCount "101"]
[EventDate "2022.07.29"]
[EventType "team-tourn"]
[EventCountry "IND"]
[SourceTitle "playchess.com"]
[Source "ChessBase"]
[SourceQuality "1"]
[WhiteTeam "Indonesia"]
[BlackTeam "Iceland"]
[WhiteTeamCountry "INA"]
[BlackTeamCountry "ISL"]

1. e4 c5 2. Nf3 d6 3. d4 cxd4 4. Nxd4 Nf6 5. Nc3 a6 6. Be2 e5 7. Nb3 Be7 8. O-O O-O 9. a4 Be6 10. Bf3 Qc7 11. Re1 Rc8 12. h3 h6 13. Be3 Nbd7 14. Nc1 Rab8 15. Nd3 Nb6 16. Bc1 Bd8 17. Re2 Bc4 18. Bd2 Nbd7 19. b3 Bxd3 20. cxd3 Nc5 21. Be1 Ne6 22. Rb2 Nd4 23. Bg4 Nxg4 24. Qxg4 f5 25. Qg6 f4 26. Qe8+ Kh7 27. Nd5 Qc6 28. Qf7 b6 29. Bc3 Rb7 30. Qh5 g6 31. Qd1 Ne6 32. Rc1 Rf7 33. Rbc2 Qd7 34. f3 b5 35. a5 Rxc3 36. Rxc3 Bxa5 37. R3c2 Qa7+ 38. Kf1 Nd4 39. Ra2 Bd8 40. b4 Bh4 41. Rc8 Bg3 42. Qc1 Ne6 43. Qb2 Bh2 44. Qf2 Qb7 45. Rc3 Nd4 46. Ra1 Nf5 47. Qb6 Ne3+ 48. Kf2 Bg3+ 49. Kg1 Nxd5 50. Qxb7 Rxb7 51. exd5 1-0

[Event "44th Chess Olympiad Women 2022"]
[Site "Chennai"]
[Date "2022.08.03"]
[Round "6.23"]
[White "Cramling, Pia"]
[Black "Mezioud, Amina"]
[Result "1-0"]
[WhiteElo "2459"]
[BlackElo "2024"]
[Annotator "TA"]
[PlyCount "57"]
[EventDate "2022.07.29"]
[EventType "team-tourn"]
[EventCountry "IND"]
[SourceTitle "playchess.com"]
[Source "ChessBase"]
[SourceQuality "1"]
[WhiteTeam "Sweden"]
[BlackTeam "Algeria"]
[WhiteTeamCountry "SWE"]
[BlackTeamCountry "ALG"]

1. d4 Nf6 2. c4 e6 3. Nf3 b6 4. e3 Bb7 5. Bd3 Be7 6. O-O O-O 7. Nc3 d6 8. e4 Nbd7 9. Re1 e5 10. Rb1 a5 11. b3 Re8 12. d5 g6 13. a3 Nh5 14. b4 Ng7 15. Qc2 Nf8 16. Be3 Ba6 17. bxa5 bxa5 18. c5 Bxd3 19. Qxd3 f5 20. c6 g5 21. exf5 g4 22. Nd2 Qc8 23. Rb7 Nxf5 24. Nb5 Nxe3 25. fxe3 g3 26. hxg3 Qg4 27. Ne4 Ng6 28. Nxc7 Rf8 29. Nxa8 1-0

[Event "44th Chess Olympiad Women 2022"]
[Site "Chennai"]
[Date "2022.08.03"]
[Round "6.24"]
[White "Trippold, Denise"]
[Black "Diaz Charpentier, Kristel Meliss"]
[Result "1/2-1/2"]
[WhiteElo "2151"]
[BlackElo "1989"]
[Annotator "TA"]
[PlyCount "89"]
[EventDate "2022.07.29"]
[EventType "team-tourn"]
[EventCountry "IND"]
[SourceTitle "playchess.com"]
[Source "ChessBase"]
[SourceQuality "1"]
[WhiteTeam "Austria"]
[BlackTeam "Costa Rica"]
[WhiteTeamCountry "AUT"]
[BlackTeamCountry "CRI"]

1. d4 Nf6 2. c4 e6 3. Nf3 Bb4+ 4. Nbd2 O-O 5. a3 Bxd2+ 6. Qxd2 b6 7. e3 Bb7 8. Be2 d6 9. b4 a5 10. Bb2 Nbd7 11. O-O Ne4 12. Qc2 f5 13. d5 e5 14. Nd2 Nxd2 15. Qxd2 f4 16. exf4 Rxf4 17. Rae1 axb4 18. axb4 b5 19. c5 dxc5 20. bxc5 Nxc5 21. Bxe5 Rf7 22. Bxb5 Qxd5 23. Qxd5 Bxd5 24. Rc1 Ne6 25. Rfd1 Rd8 26. Bg3 c6 27. Bd3 Rfd7 28. Bf5 g6 29. Bg4 Kf7 30. Re1 Re8 31. h4 h5 32. Be2 Nd4 33. Bd3 Rxe1+ 34. Rxe1 c5 35. Re5 Be6 36. Rxc5 Nf3+ 37. gxf3 Rxd3 38. Kg2 Bd5 39. Rc1 Bxf3+ 40. Kh2 Ke6 41. Re1+ Kf5 42. Re5+ Kf6 43. Re3 Rxe3 44. fxe3 Kf5 45. Bf4 1/2-1/2

[Event "44th Chess Olympiad Women 2022"]
[Site "Chennai"]
[Date "2022.08.03"]
[Round "6.25"]
[White "Sultana, Sharmin Shirin"]
[Black "Alinasab, Mobina"]
[Result "0-1"]
[WhiteElo "1995"]
[BlackElo "2364"]
[Annotator "TA"]
[PlyCount "86"]
[EventDate "2022.07.29"]
[EventType "team-tourn"]
[EventCountry "IND"]
[SourceTitle "playchess.com"]
[Source "ChessBase"]
[SourceQuality "1"]
[WhiteTeam "Bangladesh"]
[BlackTeam "Iran"]
[WhiteTeamCountry "BAN"]
[BlackTeamCountry "IRI"]

1. d4 Nf6 2. Nf3 e6 3. e3 b6 4. Bd3 Bb7 5. Nbd2 c5 6. O-O cxd4 7. exd4 Be7 8. Qe2 O-O 9. c3 d6 10. Nc4 Qc7 11. h3 Nbd7 12. Bf4 Rfe8 13. Bh2 Rac8 14. Nfd2 Bf8 15. f4 g6 16. Rae1 b5 17. Ne3 a6 18. Qf2 Qb6 19. Bg3 a5 20. Bh4 b4 21. Nec4 Qc7 22. Rc1 Bc6 23. Ne3 bxc3 24. bxc3 Rb8 25. f5 Bg7 26. fxg6 fxg6 27. Bg3 e5 28. dxe5 Nxe5 29. Bxe5 dxe5 30. Ndc4 e4 31. Be2 Rf8 32. Qh4 Nd5 33. Kh1 Nxc3 34. Bg4 Nxa2 35. Rcd1 Nc3 36. Be6+ Kh8 37. Nd6 Rxf1+ 38. Nxf1 Rf8 39. Nf7+ Rxf7 40. Bxf7 Nxd1 41. Bxg6 h6 42. Bf5 Qd6 43. Nh2 Ne3 0-1

[Event "44th Chess Olympiad Women 2022"]
[Site "Chennai"]
[Date "2022.08.03"]
[Round "6.25"]
[White "Jannatul, Ferdous"]
[Black "Mahdian, Anousha"]
[Result "1/2-1/2"]
[WhiteElo "1815"]
[BlackElo "2161"]
[Annotator "TA"]
[PlyCount "129"]
[EventDate "2022.07.29"]
[EventType "team-tourn"]
[EventCountry "IND"]
[SourceTitle "playchess.com"]
[Source "ChessBase"]
[SourceQuality "1"]
[WhiteTeam "Bangladesh"]
[BlackTeam "Iran"]
[WhiteTeamCountry "BAN"]
[BlackTeamCountry "IRI"]

1. e4 c6 2. d4 d5 3. Nc3 dxe4 4. Nxe4 Nf6 5. Nxf6+ exf6 6. c3 Bd6 7. Bd3 O-O 8. Ne2 Re8 9. O-O Nd7 10. Bf4 Nf8 11. Bxd6 Qxd6 12. Ng3 g6 13. Ne4 Qd8 14. Re1 Ne6 15. Qf3 f5 16. Nc5 Nxc5 17. dxc5 Rxe1+ 18. Rxe1 Be6 19. a3 a5 20. h3 a4 21. Qg3 f4 22. Qf3 Qg5 23. Re4 Qxc5 24. Qxf4 b5 25. Rd4 Bd5 26. Qe5 Qf8 27. c4 Re8 28. Qf4 bxc4 29. Bxc4 Qg7 30. Bxd5 cxd5 31. Qd2 Re1+ 32. Kh2 Re2 33. Qf4 Rxb2 34. Rxd5 h5 35. Qxa4 Rxf2 36. Qe8+ Kh7 37. a4 Qf6 38. Qe5 Qf3 39. Qg5 Qf4+ 40. Qxf4 Rxf4 41. Ra5 h4 42. Ra7 Kh6 43. a5 f5 44. a6 Ra4 45. Kg1 Ra1+ 46. Kf2 Kg5 47. Ra8 Kf6 48. Ke3 Kg5 49. a7 Ra4 50. Kf3 Ra3+ 51. Ke2 Kf4 52. Rg8 Rxa7 53. Rxg6 Ra2+ 54. Kf1 Ra4 55. Kf2 Ra2+ 56. Kf1 Rb2 57. Rg8 Ke3 58. Re8+ Kf4 59. Rg8 Ra2 60. Rg7 Ke3 61. Re7+ Kf4 62. Rg7 Ra4 63. Kf2 Ra2+ 64. Kf1 Ke3 65. Re7+ 1/2-1/2

[Event "44th Chess Olympiad Women 2022"]
[Site "Chennai"]
[Date "2022.08.03"]
[Round "6.26"]
[White "Mendoza, Shania Mae"]
[Black "Ortiz Verdezoto, Anahi"]
[Result "0-1"]
[WhiteElo "2153"]
[BlackElo "2046"]
[Annotator "TA"]
[PlyCount "120"]
[EventDate "2022.07.29"]
[EventType "team-tourn"]
[EventCountry "IND"]
[SourceTitle "playchess.com"]
[Source "ChessBase"]
[SourceQuality "1"]
[WhiteTeam "Philippines"]
[BlackTeam "Ecuador"]
[WhiteTeamCountry "PHI"]
[BlackTeamCountry "ECU"]

1. e4 e5 2. Nf3 d6 3. d4 exd4 4. Nxd4 Nf6 5. Nc3 g6 6. Bg5 Bg7 7. Qd2 h6 8. Bf4 Nc6 9. Nxc6 bxc6 10. Be2 Be6 11. O-O Rb8 12. b3 Qd7 13. Rad1 d5 14. e5 Ng4 15. Bxg4 Bxg4 16. f3 Be6 17. Na4 Qe7 18. Qc3 O-O 19. Be3 Rfe8 20. Bxa7 Ra8 21. Bd4 Bd7 22. Rde1 Qg5 23. f4 Qf5 24. Qd3 Qh5 25. h3 Qh4 26. Re2 Bc8 27. Nc5 Bf5 28. Qd1 Rxa2 29. Na4 Ra8 30. Qb1 R2xa4 31. bxa4 Rxa4 32. Rd2 Kh7 33. Qe1 Qe7 34. Qf2 Rc4 35. c3 c5 36. Be3 Be4 37. Qe1 Rxc3 38. Rdf2 Rb3 39. Qc1 d4 40. Bd2 Bd3 41. Re1 c4 42. Qa1 c3 43. Bc1 c5 44. Qa8 Qb7 45. Qe8 Bb5 46. Qd8 Qd7 47. Qb6 Qd5 48. Qc7 d3 49. Be3 d2 50. Bxd2 cxd2 51. Rd1 Rd3 52. Qa5 c4 53. Rdxd2 Bf8 54. Kh2 Bc6 55. Qa2 Bc5 56. Rfe2 Rxd2 57. Qxd2 Qxd2 58. Rxd2 c3 59. Ra2 Be4 60. Ra4 c2 0-1

[Event "44th Chess Olympiad Women 2022"]
[Site "Chennai"]
[Date "2022.08.03"]
[Round "6.26"]
[White "Heredia Serrano, Carla"]
[Black "Fronda, Jan Jodilyn"]
[Result "1/2-1/2"]
[WhiteElo "2090"]
[BlackElo "2181"]
[Annotator "TA"]
[PlyCount "151"]
[EventDate "2022.07.29"]
[EventType "team-tourn"]
[EventCountry "IND"]
[SourceTitle "playchess.com"]
[Source "ChessBase"]
[SourceQuality "1"]
[WhiteTeam "Ecuador"]
[BlackTeam "Philippines"]
[WhiteTeamCountry "ECU"]
[BlackTeamCountry "PHI"]

1. e4 c6 2. Nc3 d5 3. Nf3 dxe4 4. Nxe4 Nf6 5. Nxf6+ exf6 6. Bc4 Bd6 7. Qe2+ Be7 8. O-O O-O 9. Re1 Bd6 10. h3 Nd7 11. d4 Nb6 12. Bd3 Bd7 13. c4 Bb4 14. Rd1 Re8 15. Qc2 g6 16. Bf4 Bf8 17. Re1 Be6 18. Rad1 Rc8 19. a3 Na8 20. Qb1 Qa5 21. Nd2 f5 22. Re3 b5 23. Rde1 Red8 24. Qc1 Nb6 25. Be5 Qa6 26. c5 Nd5 27. Rf3 Re8 28. Nb1 f6 29. Bh2 Qa4 30. b4 Bf7 31. Rd1 Bh6 32. Bc2 Bxc1 33. Bxa4 Bb2 34. Bc2 Bxd4 35. Nd2 Nc3 36. Rf1 Ne4 37. Rd3 Rcd8 38. Nf3 Bc4 39. Rxd4 Rxd4 40. Nxd4 Bxf1 41. Bxe4 Rxe4 42. Nxc6 Bc4 43. Bd6 Kf7 44. Nxa7 Ke6 45. Bb8 Bd5 46. Nxb5 Kd7 47. Bd6 Re1+ 48. Kh2 Ra1 49. Nc3 Bc4 50. Na4 Kc6 51. Nb6 Bb3 52. a4 Bxa4 53. Nxa4 Rxa4 54. Be7 Rxb4 55. Bxf6 Rc4 56. Be7 f4 57. h4 Kd5 58. Bd6 f3 59. gxf3 Rxh4+ 60. Kg3 Rc4 61. Be7 Ke6 62. Bd6 Kf5 63. f4 Rc3+ 64. f3 h5 65. Be7 Ke6 66. Bd6 Kd5 67. Be7 Kc4 68. Bd6 Kd3 69. Kh4 Ke3 70. Kg5 Kxf3 71. Kxg6 h4 72. f5 Ke4 73. f6 Kd5 74. Kf5 Rf3+ 75. Bf4 h3 76. f7 1/2-1/2

[Event "44th Chess Olympiad Women 2022"]
[Site "Chennai"]
[Date "2022.08.03"]
[Round "6.27"]
[White "Zuriel, Marisa"]
[Black "Milovic, Aleksandra"]
[Result "1/2-1/2"]
[WhiteElo "2174"]
[BlackElo "2129"]
[Annotator "TA"]
[PlyCount "128"]
[EventDate "2022.07.29"]
[EventType "team-tourn"]
[EventCountry "IND"]
[SourceTitle "playchess.com"]
[Source "ChessBase"]
[SourceQuality "1"]
[WhiteTeam "Argentina"]
[BlackTeam "Montenegro"]
[WhiteTeamCountry "ARG"]
[BlackTeamCountry "MNE"]

1. e4 d5 2. exd5 Nf6 3. d4 Bg4 4. Bb5+ c6 5. dxc6 Qa5+ 6. Nc3 Nxc6 7. Nge2 O-O-O 8. Bxc6 bxc6 9. h3 Bh5 10. O-O e5 11. Qd3 Bxe2 12. Nxe2 e4 13. Qc4 Qb5 14. Qxb5 cxb5 15. Bg5 Rd5 16. Bxf6 gxf6 17. a4 b4 18. c4 bxc3 19. bxc3 Rg8 20. Kh1 Rdg5 21. Rg1 Bd6 22. c4 f5 23. Nc3 Re8 24. c5 Bb8 25. Rge1 Reg8 26. Nd5 Rd8 27. Nb4 Rxd4 28. Nc6 Rd2 29. Kg1 Bf4 30. h4 e3 31. hxg5 exf2+ 32. Kf1 fxe1=Q+ 33. Rxe1 Kb7 34. Ne5 Bg3 35. Rb1+ Kc7 36. Nxf7 Rf2+ 37. Kg1 Rc2 38. Nd6 Rxc5 39. Ne8+ Kd8 40. Nf6 Ke7 41. Nxh7 Kf7 42. Rb7+ Kg6 43. Nf8+ Kh5 44. Kf1 Re5 45. Rb1 Kxg5 46. Rd1 Re4 47. a5 Rf4+ 48. Ke2 Rf2+ 49. Kd3 Ra2 50. Rd2 Rxa5 51. Ne6+ Kf6 52. Nd4 Be5 53. Nc6 Rd5+ 54. Ke2 Rxd2+ 55. Kxd2 a6 56. Kd3 Bc7 57. Nb4 Bd6 58. Nxa6 Ke5 59. Ke3 Kd5 60. Kf3 Ke5 61. Ke3 Kf6 62. Kf2 Kg5 63. Kf3 Kh4 64. Nc5 Bxc5 1/2-1/2